| 000 | 00941nam a2200265Ia 4500 | ||
|---|---|---|---|
| 003 | GCL | ||
| 008 | 140319s9999 xx 000 0 ara d | ||
| 040 |
_aGCL / _cGCL |
||
| 082 | 0 | 4 |
_aق _b962.034 _bل ت |
| 100 | 1 | _aلويس عوض | |
| 245 | 1 | 0 |
_aتاريخ الفكر المصرى الحديث من عصر اسماعيل الى ثورة 1919 / _cلويس عوض |
| 260 |
_a[S.N] : _bمكتبة مدبولى ، _c1986 |
||
| 300 | _a438 ص | ||
| 490 | _a | ||
| 650 | 0 | 4 | _aمصر |
| 650 | 0 | 4 | _aالاحوال الاجتماعية |
| 650 | 0 | 4 | _aالتاريخ الحديث |
| 650 | 0 | 4 | _aالحركات الفكرية |
| 650 | 0 | 4 | _aالصحافة المصرية |
| 650 | 0 | 4 | _aالاحوال الثقافية |
| 650 | 0 | 4 | _aالسياسيون المصريون |
| 650 | 0 | 4 | _aالاحتلال البريطانى |
| 650 | 0 | 4 | _aمصر - تاريخ - العصر الحديث - عصر اسماعيل ( 1863-1879 م ) |
| 942 |
_2ddc _cBK |
||
| 999 |
_c57742 _d57742 |
||